000 00941cam a22002651 4500
001 10645
003 BD-RjUL
005 20211208235006.0
008 140125s1962 nyua b 101 0 eng
035 _a(BD-RjUL)10693
040 _aDLC/ICU
_cICU
_dDLC
_dBD-RjUL
_beng
041 _aeng
082 0 0 _a541.39
_bPEP 1962
111 2 _aPeroxide Reaction Mechanisms Conference
_d(1960 :
_cBrown University)
_932917
245 1 0 _aPeroxide reaction mechanisms :
_b[papers] /
_cEdited by John O. Edwards. Sponsored by the Office of Ordnance Research, U.S. Army.
260 _aNew York :
_bInterscience Publishers ,
_cc1962
300 _aix, 245 p. :
_bdiagrs., tables. ,
_c23 cm.
504 _aIncludes bibliographical references and index.
650 0 _aPeroxides.
_932913
650 0 _aOrganic reaction mechanisms.
_932914
700 1 _aEdwards, John O.,
_eed.
_932915
942 _2ddc
_cBK
999 _c10645
_d10645